01029cam a22002895a 4500001001000000003000400010005001700014008004100031020002500072040003600097082002100133100002200154245005400176250001200230260004600242300003200288490007800320500002400398504003100422650003900453650004600492651001000538653002500548942000800573999001700581952014100598016628985OSt20201128021517.0140130s2014 nyua frb 001 0 eng d a9781606494981 (pbk.) aStDuBDSbengcStDuBDSeEG-ScBUE04a658.406222bHAH1 aHa, Houng.93882110aChange management for sustainability /cHoung Ha. a1st ed. aNew York :bBusiness Expert Press,c2014. ax, 157 p. :bill. ;c24 cm.0 aEnvironmental and social sustainability for business advantage collection aIndex : p. 153-157. aBibliography : p. 129-152. 7aOrganizational change.2BUEsh9885 0aSocial responsibility of business.2BUEsh 2BUEsh bBUSADMcDecember2015 2ddc c20598d20570 00102ddc40708BaccahaMAINbMAINc1STd2015-08-18ePurchaseg264.00h21758l0o658.406 HAp000039785r2025-07-15 00:00:00v330.00yBB